| 000 | 01497cam a2200277 4500 | ||
|---|---|---|---|
| 001 | ABS62594 | ||
| 008 | 000000n2000 000 0 eng u | ||
| 035 | _a(Sirsi) u107360 | ||
| 110 |
_aEngland and Wales _bLands Tribunal _91252 |
||
| 245 | _aNicholls v Highways Agency | ||
| 260 | _c2000 | ||
| 490 |
_aEstates Gazette Law Reports _v[2000] 24 EG 167-171(5) |
||
| 520 | _aLT 14 January 2000. Compulsory purchase of grassland grassland with hardstanding and a 210 sq ft shed. In November 1991, possession was taken of 0.13ha of the smallholding in requirement of a road scheme. To be decided whether the correct basis of compensation was under the Land Compensation Act 1961 S5 r(5) for the cost of reinstatement for the sum of £10,125, The defendant argued that the correct calculation was the market value under the Land Compensation Act 1961 S5 r(2). Rules were simplified under the Lands Tribunal Rules 1996 r28. 'Decision' compensation was determined for £3,500 in accordance with the Land Compensation Act 1961 S5 r(2). | ||
| 590 | _aABS | ||
| 650 | _aLAND COMPENSATION ACT 1961 S5 RULE (5) | ||
| 650 | _aLAND COMPENSATION ACT 1961 S5-RULE-2 | ||
| 650 | _aROAD SCHEME | ||
| 650 | _aCOMPENSATION | ||
| 650 | _aCOST OF REINSTATEMENT | ||
| 650 | _aINJURIOUS AFFECTION | ||
| 650 | _aNICHOLLS V HIGHWAYS AGENCY | ||
| 650 | _aLANDS TRIBUNAL RULES 1996 | ||
| 650 | _aCOMPULSORY PURCHASE ACT 1965 S7 | ||
| 690 | _aCOMPULSORY PURCHASE AND COMPENSATION-CASE LAW | ||
| 942 | _n0 | ||
| 999 |
_c64192 _d64192 |
||